Every Song by Trivium - Statistics

General Stats
  • This quiz has been taken 16 times
  • The average score is 44 of 131
Answer Stats
Album Song % Correct
Ember to Inferno(2003) Ember to Inferno
92%
In Waves(2011) In Waves
92%
Ascendancy(2005) Ascendancy
83%
Shogun(2008) Shogun
83%
The Crusade(2006) The Crusade
83%
Silence in the Snow(2015) Silence in the Snow
75%
The Crusade(Bonus)(2006) Vengeance
75%
Ascendancy(2005) Dying in Your Arms
67%
In the Court of the Dragon(2021) In the Court of the Dragon
67%
Ascendancy(2005) Pull Harder on the Strings of Your Martyr
67%
Ascendancy(2005) Rain
67%
Vengeance Falls(2013) Vengeance Falls
67%
The Crusade(2006) Anthem (We Are the Fire)
58%
Shogun(2008) Down from the Sky
58%
What the Dead Men Say(2020) IX
58%
The Sin and the Sentence(2017) The Sin and the Sentence
58%
What the Dead Men Say(2020) What the Dead Men Say
58%
In the Court of the Dragon(2021) X
58%
In Waves(2011) Black
50%
In Waves(2011) Capsizing the Sea
50%
In Waves(2011) Caustic Are the Ties That Bind
50%
In Waves(2011) Dusk Dismantled
50%
Shogun(2008) Into the Mouth of Hell We March
50%
Ascendancy(2005) Like Light to the Flies
50%
Ember to Inferno(2003) Pillars of Serpents
50%
Non-Album(2010) Shattering the Skies Above
50%
Shogun(2008) Throes of Perdition
50%
Shogun(2008) Torn Between Scylla and Charybdis
50%
The Crusade(2006) To the Rats
50%
Ascendancy(2005) A Gunshot to the Head of Trepidation
42%
The Sin and the Sentence(2017) Beyond Oblivion
42%
What the Dead Men Say(2020) Bleed Into Me
42%
The Crusade(2006) Detonation
42%
Shogun(2008) He Who Spawned the Furies
42%
The Crusade(2006) Ignition
42%
Shogun(2008) Kirisute Gomen
42%
Shogun(2008) Like Callisto to a Star in Heaven
42%
Shogun(2008) Of Prometheus and the Crucifix
42%
Shogun(Bonus)(2008) Poison, the Knife or the Noose
42%
Silence in the Snow(2015) Snøfall
42%
Shogun(2008) The Calamity
42%
The Sin and the Sentence(2017) The Heart from Your Hate
42%
In Waves(2011) Watch the World Burn
42%
What the Dead Men Say(2020) Amongst the Shadows & the Stones
33%
The Crusade(2006) Becoming the Dragon
33%
Silence in the Snow(2015) Blind Leading the Blind
33%
In Waves(2011) Built to Fall
33%
What the Dead Men Say(2020) Catastrophist
33%
Ascendancy(2005) Declaration
33%
Ascendancy(2005) Departure
33%
Ascendancy(2005) Drowned and Torn Asunder
33%
The Sin and the Sentence(2017) Endless Night
33%
In the Court of the Dragon(2021) Feast of Fire
33%
In Waves(2011) Inception of the End
33%
Ember to Inferno(2003) Inception: The Bleeding Skies
33%
Shogun(2008) Insurrection
33%
Ruber(2001) Lake of Fire
33%
In Waves(2011) Leaving This World Behind
33%
In the Court of the Dragon(2021) Like a Sword Over Damocles
33%
In Waves(2011) Of All These Yesterdays
33%
The Sin and the Sentence(2017) Other Worlds
33%
Ember to Inferno(2003) Requiem
33%
Vengeance Falls(2013) Strife
33%
Ascendancy(2005) The Deceived
33%
Ascendancy(2005) The End of Everything
33%
What the Dead Men Say(2020) The Ones We Leave Behind
33%
In the Court of the Dragon(2021) The Phalanx
33%
The Crusade(2006) The Rising
33%
In the Court of the Dragon(2021) The Shadow of the Abattoir
33%
The Sin and the Sentence(2017) Thrown Into the Fire
33%
Shogun(Bonus)(2008) Upon the Shores
33%
In the Court of the Dragon(2021) A Crisis of Revelation
25%
Ember to Inferno(2003) Ashes
25%
Ember to Inferno(2003) A View of Burning Empires
25%
Ascendancy(Bonus)(2005) Blinding Tears Will Break the Skies
25%
Vengeance Falls(2013) Brave This Storm
25%
In Waves(2011) Chaos Reigns
25%
Silence in the Snow(2015) Dead and Gone
25%
Ember to Inferno(2003) Falling to Grey
25%
In the Court of the Dragon(2021) Fall Into Your Hands
25%
In the Court of the Dragon(2021) From Dawn to Decadence
25%
Ember to Inferno(2003) Fugue (A Revelation)
25%
Ember to Inferno(2003) If I Could Collapse the Masses
25%
Ember to Inferno(2003) My Hatred
25%
In the Court of the Dragon(2021) No Way Back Just Through
25%
Silence in the Snow(2015) Pull Me from the Void
25%
The Sin and the Sentence(2017) Sever the Hand
25%
What the Dead Men Say(2020) Sickness Unto You
25%
Ascendancy(2005) Suffocating Sight
25%
Silence in the Snow(2015) The Ghost That's Haunting You
25%
The Sin and the Sentence(2017) The Revanchist
25%
Ember to Inferno(2003) To Burn the Eye
25%
The Crusade(2006) Tread the Floods
25%
The Crusade(2006) Unrepentant
25%
Silence in the Snow(2015) Until the World Goes Cold
25%
Vengeance Falls(2013) Wake (The End Is Nigh)
25%
Ascendancy(Bonus)(2005) Washing Away Me in the Tides
25%
Ember to Inferno(2003) When All Light Dies
25%
The Crusade(2006) And Sadness Will Sear
17%
In Waves(2011) A Skyline's Severance
17%
Vengeance Falls(2013) At the End of This War
17%
What the Dead Men Say(2020) Bending the Arc to Fear
17%
The Sin and the Sentence(2017) Betrayer
17%
The Crusade(2006) Contempt Breeds Contamination
17%
Non-Album(2019) Drowning in the Sound
17%
In Waves(2011) Forsake Not the Dream
17%
Vengeance Falls(2013) Incineration: The Broken World
17%
Vengeance Falls(2013) No Way to Heal
17%
Silence in the Snow(Bonus)(2015) The Darkness of My Mind
17%
What the Dead Men Say(2020) The Defiant
17%
Caeruleus(2003) The Storm
17%
The Crusade(2006) This World Can't Tear Us Apart
17%
Vengeance Falls(2013) Through Blood and Dirt and Bone
17%
Ruber(2001) Thrust
17%
Vengeance Falls(2013) Villainy Thrives
17%
Vengeance Falls(Bonus)(2013) As I Am Exploding
8%
The Sin and the Sentence(2017) Beauty in the Sorrow
8%
Caeruleus(2003) Demon
8%
The Crusade(2006) Entrance of the Conflagration
8%
Silence in the Snow(2015) Rise Above the Tides
8%
What the Dead Men Say(2020) Scattering the Ashes
8%
Caeruleus(2003) Sworn
8%
Silence in the Snow(2015) The Thing That's Killing Me
8%
The Sin and the Sentence(2017) The Wretchedness Inside
8%
Silence in the Snow(2015) Beneath the Sun
0%
Silence in the Snow(2015) Breathe in the Flames
0%
The Crusade(Bonus)(2006) Broken One
0%
Silence in the Snow(Bonus)(2015) Cease All Your Fire
0%
Vengeance Falls(Bonus)(2013) No Hope for the Human Race
0%
Ruber(2001) Pain
0%
Vengeance Falls(2013) To Believe
0%
No matching quizzes found
Score Distribution
Percent of People with Each Score
Percentile by Number Answered
Your Score History
You have not taken this quiz